000
00295nam a2200133Ia 4500
008
191201s1992 xx 000 0 und d
082
_a
823
_b
RAA
100
_a
RAND, Aym
245
0
_a
Atlas Shrugged
260
_a
U S A
_b
Penguin Book
_c
1992
300
_a
1079
650
_a
MBA
942
_2
ddc
_c
BK
999
_c
5186
_d
5186